[Event "GER-ch Youth U12 2020"]
[Site "Willingen"]
[Date "2020.10.27"]
[Round "1.9"]
[White "Gaertner, Alessandro"]
[Black "Krüger, Arthur"]
[Result "1-0"]
[WhiteElo "1251"]
[BlackElo "1704"]
[Annotator "NA RC"]
[PlyCount "43"]
[EventDate "2020.10.27"]
[EventType "swiss"]
[EventRounds "7"]
[EventCountry "GER"]
[SourceTitle "playchess.com"]
[Source "ChessBase"]
[SourceQuality "1"]
[TimeControl "40/5400+30:1800+30"]

1. d4 {[%emt 0:00:00]} Nf6 {[%emt 0:00:00]} 2. c4 {[%emt 0:00:00]} g6 {[%emt 0:00:00]} 3. Nc3 {[%emt 0:00:12]} Bg7 {[%emt 0:00:00]} 4. Nf3 {[%emt 0:00:24]} O-O {[%emt 0:00:32]} 5. Bf4 {[%emt 0:00:14]} d6 {[%emt 0:00:19]} 6. h3 {[%emt 0:00:08]} c5 {[%emt 0:00:50]} 7. e3 {[%emt 0:00:35]} Na6 {[%emt 0:05:12]} 8. a3 {[%emt 0:01:52]} Qb6 {[%emt 0:08:08]} 9. Qd2 {[%emt 0:07:58]} Bf5 {[%emt 0:05:05]} 10. Nh4 {[%emt 0:05:05]} Bd7 {[%emt 0:15:48]} 11. g4 {[%emt 0:04:23]} cxd4 {[%emt 0:07:21]} 12. exd4 {[%emt 0:02:32]} e5 {[%emt 0:01:16]} 13. Be3 {[%emt 0:01:34]} Nxg4 {[%emt 0:16:03]} 14. Nd5 {[%emt 0:03:57]} Qb3 {[%emt 0:14:20]} 15. hxg4 {[%emt 0:04:16]} exd4 {[%emt 0:02:10]} 16. Ne7+ {[%emt 0:03:17]} Kh8 {[%emt 0:02:54]} 17. Bxd4 {[%emt 0:05:00]} Rfe8 {[%emt 0:05:15]} 18. Nhxg6+ {[%emt 0:04:08]} fxg6 {[%emt 0:01:36]} 19. Bxg7+ {[%emt 0:00:41]} Kxg7 {[%emt 0:00:29]} 20. Qd4+ {[%emt 0:00:16]} Kf7 {[%emt 0:02:37]} 21. Rxh7+ {[%emt 0:00:13]} Ke6 {[%emt 0:00:18]} 22. Qd5+ {[%emt 0:00:11]} 1-0

[Event "GER-ch Youth U12 2020"]
[Site "Willingen"]
[Date "2020.10.27"]
[Round "1.10"]
[White "Sauer, Tim"]
[Black "Cromm, Mika"]
[Result "0-1"]
[WhiteElo "1729"]
[BlackElo "1665"]
[Annotator "NA"]
[PlyCount "98"]
[EventDate "2020.10.27"]
[EventType "swiss"]
[EventRounds "7"]
[EventCountry "GER"]
[SourceTitle "playchess.com"]
[Source "ChessBase"]
[SourceQuality "1"]
[TimeControl "40/5400+30:1800+30"]

1. Nf3 {[%emt 0:00:00]} d5 {[%emt 0:00:00]} 2. g3 {[%emt 0:00:00]} Nf6 {[%emt 0:01:29]} 3. Bg2 {[%emt 0:00:00]} e6 {[%emt 0:00:52]} 4. O-O {[%emt 0:00:02]} Bd6 {[%emt 0:01:39]} 5. d3 {[%emt 0:00:48]} O-O {[%emt 0:01:04]} 6. Nbd2 {[%emt 0:00:13]} c6 {[%emt 0:03:35]} 7. e4 {[%emt 0:00:16]} e5 {[%emt 0:14:15]} 8. Re1 {[%emt 0:05:17]} dxe4 {[%emt 0:04:12]} 9. dxe4 {[%emt 0:01:42]} Be6 {[%emt 0:11:37]} 10. h3 {[%emt 0:06:02]} h6 {[%emt 0:00:41]} 11. Qe2 {[%emt 0:05:03]} Qc7 {[%emt 0:03:06]} 12. g4 {[%emt 0:01:53]} Nh7 {[%emt 0:04:43]} 13. Nf1 {[%emt 0:01:00]} b5 {[%emt 0:02:56]} 14. b3 {[%emt 0:01:01]} a6 {[%emt 0:00:26]} 15. Nh4 c5 {[%emt 0:03:04]} 16. Nf5 {[%emt 0:07:20]} c4 {[%emt 0:02:43]} 17. N1g3 {[%emt 0:08:02]} Kh8 {[%emt 0:04:45]} 18. g5 {[%emt 0:18:14]} hxg5 {[%emt 0:04:04]} 19. Qh5 {[%emt 0:04:19]} f6 {[%emt 0:09:29]} 20. h4 {[%emt 0:11:43]} Be7 {[%emt 0:03:56]} 21. Qg6 {[%emt 0:09:02]} Bd8 {[%emt 0:04:08]} 22. hxg5 {[%emt 0:00:50]} Rg8 {[%emt 0:02:36]} 23. gxf6 {[%emt 0:04:39]} gxf6 {[%emt 0:00:48]} 24. Qh5 {[%emt 0:01:48]} Bf7 {[%emt 0:03:26]} 25. Qh4 {[%emt 0:01:58]} Nc6 {[%emt 0:01:01]} 26. f4 {[%emt 0:04:50]} Rc8 {[%emt 0:02:18]} 27. Kf2 {[%emt 0:01:42]} cxb3 {[%emt 0:02:09]} 28. cxb3 {[%emt 0:01:06]} Nb4 {[%emt 0:00:17]} 29. Rh1 {[%emt 0:03:10]} Qc2+ {[%emt 0:03:03]} 30. Ne2 {[%emt 0:01:09]} Rxg2+ 31. Kxg2 {[%emt 0:00:15]} Qxe2+ {[%emt 0:01:30]} 32. Qf2 {[%emt 0:01:16]} Qxf2+ {[%emt 0:01:11]} 33. Kxf2 {[%emt 0:00:09]} Nd3+ {[%emt 0:00:39]} 34. Ke3 {[%emt 0:00:12]} Nxf4 {[%emt 0:00:24]} 35. Bd2 {[%emt 0:01:00]} Bb6+ {[%emt 0:00:43]} 36. Kf3 {[%emt 0:00:10]} Bh5+ {[%emt 0:00:30]} 37. Rxh5 {[%emt 0:01:42]} Nxh5 {[%emt 0:00:10]} 38. Nd6 {[%emt 0:00:35]} Rc2 {[%emt 0:00:59]} 39. Rd1 {[%emt 0:00:21]} Rxa2 {[%emt 0:00:45]} 40. Bh6 {[%emt 0:00:34]} Rb2 {[%emt 0:01:26]} 41. Kg4 {[%emt 0:30:12]} Nf4 {[%emt 0:30:39]} 42. Rc1 {[%emt 0:00:00]} Ng5 {[%emt 0:00:00]} 43. Kf5 {[%emt 0:00:00]} Kh7 {[%emt 0:00:00]} 44. Bxg5 {[%emt 0:00:00]} fxg5 {[%emt 0:00:00]} 45. Kf6 {[%emt 0:00:00]} Bd8+ {[%emt 0:00:00]} 46. Kf7 {[%emt 0:00:00]} Rf2 {[%emt 0:00:00]} 47. Nf5 {[%emt 0:00:00]} Ng6 {[%emt 0:00:00]} 48. Rc6 {[%emt 0:00:00]} Nh8+ {[%emt 0:00:00]} 49. Kf8 {[%emt 0:00:00]} Rh2 0-1

[Event "GER-ch Youth U12 2020"]
[Site "Willingen"]
[Date "2020.10.27"]
[Round "1.11"]
[White "Aravindan, Midhulan"]
[Black "Chinguun Sundui"]
[Result "0-1"]
[WhiteElo "1565"]
[BlackElo "1746"]
[Annotator "NA"]
[PlyCount "138"]
[EventDate "2020.10.27"]
[EventType "swiss"]
[EventRounds "7"]
[EventCountry "GER"]
[SourceTitle "playchess.com"]
[Source "ChessBase"]
[SourceQuality "1"]
[TimeControl "40/5400+30:1800+30"]

1. e4 {[%emt 0:00:00]} c6 {[%emt 0:00:00]} 2. d4 {[%emt 0:00:00]} d5 {[%emt 0:00:00]} 3. Nd2 {[%emt 0:00:00]} dxe4 {[%emt 0:00:09]} 4. Nxe4 {[%emt 0:00:05]} Nf6 {[%emt 0:00:07]} 5. Nxf6+ {[%emt 0:00:17]} exf6 {[%emt 0:00:12]} 6. c3 {[%emt 0:00:28]} Bd6 {[%emt 0:00:28]} 7. Bd3 {[%emt 0:00:47]} Qc7 {[%emt 0:01:02]} 8. Nf3 {[%emt 0:02:22]} O-O {[%emt 0:00:41]} 9. O-O {[%emt 0:02:04]} Bg4 {[%emt 0:00:47]} 10. h3 {[%emt 0:00:48]} Bh5 {[%emt 0:00:47]} 11. Be3 {[%emt 0:03:23]} Nd7 {[%emt 0:02:59]} 12. Be2 {[%emt 0:06:39]} Rfe8 {[%emt 0:03:16]} 13. Re1 {[%emt 0:02:39]} Nf8 {[%emt 0:04:59]} 14. Nd2 {[%emt 0:06:23]} Bxe2 {[%emt 0:05:33]} 15. Rxe2 {[%emt 0:01:41]} Ng6 {[%emt 0:08:23]} 16. Nc4 {[%emt 0:08:23]} Rad8 {[%emt 0:03:42]} 17. Qd3 {[%emt 0:08:26]} b5 {[%emt 0:05:55]} 18. Nxd6 {[%emt 0:04:11]} Qxd6 {[%emt 0:00:21]} 19. Rae1 {[%emt 0:02:16]} Ne5 {[%emt 0:08:54]} 20. Qf5 {[%emt 0:07:17]} Ng6 {[%emt 0:17:23]} 21. Kf1 {[%emt 0:10:03]} Re6 {[%emt 0:07:49]} 22. f3 {[%emt 0:09:54]} Rde8 {[%emt 0:01:49]} 23. Qg4 {[%emt 0:03:01]} a5 {[%emt 0:06:18]} 24. Kf2 {[%emt 0:01:57]} Kf8 {[%emt 0:01:52]} 25. g3 {[%emt 0:02:55]} Qd5 {[%emt 0:01:36]} 26. f4 {[%emt 0:04:07]} f5 {[%emt 0:02:42]} 27. Qh5 {[%emt 0:01:03]} h6 {[%emt 0:01:28]} 28. g4 {[%emt 0:01:55]} fxg4 {[%emt 0:04:05]} 29. Qxd5 {[%emt 0:00:40]} cxd5 {[%emt 0:00:12]} 30. hxg4 {[%emt 0:00:04]} Re4 {[%emt 0:01:05]} 31. Kf3 {[%emt 0:01:21]} f5 {[%emt 0:02:47]} 32. g5 {[%emt 0:02:51]} hxg5 {[%emt 0:00:47]} 33. fxg5 {[%emt 0:00:14]} Kf7 {[%emt 0:01:29]} 34. Bd2 {[%emt 0:01:36]} Nh4+ {[%emt 0:00:13]} 35. Kf2 {[%emt 0:00:09]} Ke6 {[%emt 0:02:45]} 36. Bf4 {[%emt 0:02:06]} Ng6 {[%emt 0:00:24]} 37. Bc7 {[%emt 0:01:38]} a4 {[%emt 0:00:17]} 38. Bg3 {[%emt 0:02:22]} Kd7 {[%emt 0:00:19]} 39. Kf3 {[%emt 0:01:21]} Rxe2 {[%emt 0:03:52]} 40. Rxe2 {[%emt 0:00:10]} Rxe2 {[%emt 0:00:01]} 41. Kxe2 {[%emt 0:30:03]} f4 {[%emt 0:30:07]} 42. Be1 {[%emt 0:01:04]} Ke6 {[%emt 0:00:20]} 43. b3 {[%emt 0:00:00]} axb3 {[%emt 0:00:00]} 44. axb3 {[%emt 0:00:00]} Kf5 {[%emt 0:00:00]} 45. Kd3 {[%emt 0:00:00]} Kxg5 {[%emt 0:00:00]} 46. c4 {[%emt 0:00:00]} bxc4+ {[%emt 0:00:00]} 47. bxc4 {[%emt 0:00:00]} dxc4+ {[%emt 0:00:00]} 48. Kxc4 {[%emt 0:00:00]} Kf5 {[%emt 0:00:00]} 49. d5 {[%emt 0:00:00]} Ne5+ {[%emt 0:00:00]} 50. Kb5 {[%emt 0:00:00]} g5 {[%emt 0:00:00]} 51. Kb6 {[%emt 0:00:00]} g4 {[%emt 0:00:00]} 52. Kc7 {[%emt 0:00:00]} f3 {[%emt 0:00:00]} 53. d6 {[%emt 0:00:00]} Nf7 {[%emt 0:00:00]} 54. Bg3 {[%emt 0:00:00]} Ke4 {[%emt 0:00:00]} 55. d7 {[%emt 0:00:00]} Ke3 {[%emt 0:00:00]} 56. d8=Q {[%emt 0:00:00]} Nxd8 {[%emt 0:00:00]} 57. Kxd8 {[%emt 0:00:00]} f2 {[%emt 0:00:00]} 58. Bc7 {[%emt 0:00:00]} f1=Q {[%emt 0:00:00]} 59. Kd7 {[%emt 0:00:00]} Qf7+ {[%emt 0:00:00]} 60. Kc6 {[%emt 0:00:00]} Qxc7+ {[%emt 0:00:00]} 61. Kxc7 {[%emt 0:00:00]} g3 {[%emt 0:00:00]} 62. Kd6 {[%emt 0:00:00]} g2 {[%emt 0:00:00]} 63. Ke5 {[%emt 0:00:00]} g1=Q {[%emt 0:00:00]} 64. Kf5 {[%emt 0:00:00]} Qh2 {[%emt 0:00:00]} 65. Kg5 {[%emt 0:00:00]} Qf4+ {[%emt 0:00:00]} 66. Kh5 {[%emt 0:00:00]} Qg3 {[%emt 0:00:00]} 67. Kh6 {[%emt 0:00:00]} Qg4 {[%emt 0:00:00]} 68. Kh7 {[%emt 0:00:00]} Qg5 {[%emt 0:00:00]} 69. Kh8 Ke4 0-1

[Event "GER-ch Youth U12 2020"]
[Site "Willingen"]
[Date "2020.10.27"]
[Round "1.12"]
[White "Uhlmann, Tim"]
[Black "Göpfert, Gregor"]
[Result "1-0"]
[WhiteElo "1523"]
[BlackElo "1603"]
[Annotator "NA"]
[PlyCount "79"]
[EventDate "2020.10.27"]
[EventType "swiss"]
[EventRounds "7"]
[EventCountry "GER"]
[SourceTitle "playchess.com"]
[Source "ChessBase"]
[SourceQuality "1"]
[TimeControl "40/5400+30:1800+30"]

1. e4 e5 2. Nf3 Nc6 3. d4 exd4 4. Bc4 Be7 5. c3 dxc3 6. Qd5 Nh6 7. Bxh6 O-O 8. Bxg7 Kxg7 9. Nxc3 d6 10. O-O Be6 11. Qd3 Bf6 12. Bxe6 fxe6 13. Rac1 Qe7 14. b3 Kh8 15. Ne2 Qg7 16. Ng3 Rg8 17. Kh1 a6 18. Rg1 Qf7 19. Ne2 Raf8 20. Rcf1 Rg7 21. Nfd4 Nxd4 22. Nxd4 Bxd4 23. Qxd4 e5 24. Qe3 c6 25. f3 Re8 26. f4 exf4 27. Rxf4 Qg6 28. g3 Rge7 29. Qd4+ Kg8 30. Re1 Re5 31. h3 h6 32. Kg2 Qe6 33. Qf2 d5 34. Rf6 Qe7 35. Qf4 Rxe4 36. Rg6+ Kh8 37. Qxh6+ Qh7 38. Qg5 Rxe1 39. Qf6+ Qg7 40. Qxg7# 1-0

[Event "GER-ch Youth U12 2020"]
[Site "Willingen"]
[Date "2020.10.27"]
[Round "1.13"]
[White "Vecera, Fabio"]
[Black "Udelnov, Valentin"]
[Result "0-1"]
[WhiteElo "1534"]
[BlackElo "1691"]
[Annotator "NA RC"]
[PlyCount "34"]
[EventDate "2020.10.27"]
[EventType "swiss"]
[EventRounds "7"]
[EventCountry "GER"]
[SourceTitle "playchess.com"]
[Source "ChessBase"]
[SourceQuality "1"]
[TimeControl "40/5400+30:1800+30"]

1. e4 {[%emt 0:00:00]} e5 {[%emt 0:00:00]} 2. Nf3 {[%emt 0:00:00]} Nc6 {[%emt 0:00:00]} 3. d4 {[%emt 0:00:00]} exd4 {[%emt 0:00:00]} 4. Bc4 {[%emt 0:00:00]} Nf6 {[%emt 0:00:09]} 5. O-O {[%emt 0:00:11]} Nxe4 {[%emt 0:00:58]} 6. Re1 {[%emt 0:00:28]} d5 {[%emt 0:00:04]} 7. Bxd5 {[%emt 0:00:05]} Qxd5 {[%emt 0:00:46]} 8. Nc3 {[%emt 0:00:11]} Qh5 {[%emt 0:00:29]} 9. Nxe4 {[%emt 0:00:09]} Be6 {[%emt 0:00:08]} 10. Bg5 {[%emt 0:00:13]} Bd6 {[%emt 0:00:47]} 11. Nxd4 {[%emt 0:08:20]} Qxh2+ {[%emt 0:02:56]} 12. Kf1 {[%emt 0:00:24]} Bc4+ {[%emt 0:00:33]} 13. Qd3 {[%emt 0:06:53]} Bxd3+ {[%emt 0:00:43]} 14. cxd3 {[%emt 0:00:07]} O-O {[%emt 0:02:02]} 15. Nf5 {[%emt 0:07:05]} f6 {[%emt 0:07:33]} 16. Bd2 {[%emt 0:01:43]} Qh1+ {[%emt 0:00:09]} 17. Ke2 {[%emt 0:00:11]} Qh5+ 0-1

[Event "GER-ch Youth U12 2020"]
[Site "Willingen"]
[Date "2020.10.27"]
[Round "1.14"]
[White "Sommer, Justus"]
[Black "Werner, Florin"]
[Result "1-0"]
[WhiteElo "1845"]
[BlackElo "1481"]
[Annotator "NA RC"]
[PlyCount "71"]
[EventDate "2020.10.27"]
[EventType "swiss"]
[EventRounds "7"]
[EventCountry "GER"]
[SourceTitle "playchess.com"]
[Source "ChessBase"]
[SourceQuality "1"]
[TimeControl "40/5400+30:1800+30"]

1. e4 {[%emt 0:00:10]} e6 {[%emt 0:00:00]} 2. d4 {[%emt 0:00:11]} d5 {[%emt 0:00:06]} 3. Nc3 {[%emt 0:00:16]} Nf6 {[%emt 0:00:19]} 4. Bg5 {[%emt 0:00:25]} Be7 {[%emt 0:00:14]} 5. exd5 {[%emt 0:00:16]} exd5 {[%emt 0:00:13]} 6. Bd3 {[%emt 0:00:35]} c6 {[%emt 0:01:00]} 7. Nf3 {[%emt 0:00:42] C01: French: Exchange Variation.} h6 {[%emt 0:04:30]} 8. Bh4 {[%emt 0:01:26]} Bg4 {[%emt 0:03:53]} 9. O-O {[%emt 0:01:08]} O-O {[%emt 0:00:45] [#]} 10. Re1 $146 {[%emt 0:01:47]} ({Predecessor:} 10. h3 Bxf3 11. Qxf3 Nbd7 12. Rfe1 Re8 13. Re2 Bb4 14. Rae1 Rxe2 15. Rxe2 Qc7 16. Qf5 Bxc3 17. bxc3 {0-1 (65) Goebel,M (1131)-Lauer,F (918) LSS email 2011}) 10... Bd6 {[%emt 0:00:55]} 11. Nb1 {[%emt 0:03:08]} Nbd7 {[%emt 0:01:05]} 12. Nbd2 {[%emt 0:02:26]} Qc7 {[%emt 0:00:28]} 13. Nf1 {[%emt 0:01:08]} Rfe8 {[%emt 0:02:10]} 14. Rxe8+ {[%emt 0:01:17]} Rxe8 {[%emt 0:00:09]} 15. Bg3 {[%emt 0:00:36]} Ne4 {[%emt 0:02:38]} 16. Bxd6 {[%emt 0:01:20]} Qxd6 {[%emt 0:00:19]} 17. Ne3 {[%emt 0:00:44]} Ndf6 {[%emt 0:08:21]} 18. h3 {[%emt 0:03:50]} Bh5 {[%emt 0:05:27]} (18... Bxf3 $142 19. Qxf3 Qb4 {[%mdl 64] Double Attack}) 19. g4 {[%emt 0:02:54]} Bg6 {[%emt 0:02:20]} 20. Ne5 {[%emt 0:01:54]} ({Better is} 20. Ng2) 20... c5 {[%emt 0:08:42]} 21. Nxg6 {[%emt 0:05:09]} fxg6 {[%emt 0:01:05]} 22. Bxe4 {[%emt 0:01:27]} Rxe4 {[%emt 0:03:20]} 23. dxc5 {[%emt 0:02:58]} Qxc5 {[%emt 0:00:11]} 24. Qd3 $11 {[%emt 0:01:48]} Rd4 {[%emt 0:03:03]} 25. Qxg6 {[%emt 0:02:43]} Rd2 {[%emt 0:00:45]} 26. Rf1 Ne4 {[%emt 0:03:59]} 27. Nf5 {[%emt 0:03:27]} Qf8 {[%emt 0:00:18]} 28. Nxh6+ {[%emt 0:06:23]} Kh8 {[%emt 0:00:00]} 29. Nf7+ {[%emt 0:00:43]} Kg8 {[%emt 0:04:59]} 30. Ng5 {[%emt 0:02:32]} Qf6 {[%emt 0:00:14]} 31. Qe8+ {[%emt 0:00:11]} Qf8 {[%emt 0:00:10]} 32. Qe6+ {[%emt 0:00:41]} Kh8 {[%emt 0:01:16]} 33. Nxe4 {[%emt 0:00:23]} dxe4 {[%emt 0:01:15]} 34. Qxe4 {[%emt 0:03:11]} Qf6 {[%emt 0:01:32]} 35. Qxb7 {[%emt 0:00:54]} Rxc2 {[%emt 0:00:52]} 36. Qe4 {[%emt 0:00:00]} 1-0

[Event "GER-ch Youth U12 2020"]
[Site "Willingen"]
[Date "2020.10.27"]
[Round "1.15"]
[White "Brandstrup, Luca Alexander"]
[Black "Campora, Daniel H."]
[Result "0-1"]
[WhiteElo "1575"]
[BlackElo "2420"]
[Annotator "TA"]
[PlyCount "90"]
[EventDate "2020.10.27"]
[EventType "swiss"]
[EventRounds "7"]
[EventCountry "GER"]
[SourceTitle "playchess.com"]
[Source "ChessBase"]
[SourceQuality "1"]

{[%evp 30,90,104,109,107,108,124,110,108,110,133,0,20,-33,288,298,494,495,483,425,408,412,516,497,503,504,475,395,379,385,556,539,610,606,558,385,348,293,472,464,411,160,152,168,160,153,101,149,131,35,865,581,506,308,626,483,544,-288,-289,-617,-622,-6287,-6287]} 1. e4 c5 2. Nf3 d6 3. d4 cxd4 4. Nxd4 Nf6 5. Nc3 g6 6. Be3 Bg7 7. Qd2 O-O 8. f3 Nc6 9. Bc4 Bd7 10. O-O-O Rc8 11. Bb3 Ne5 12. Kb1 Nc4 13. Bxc4 Rxc4 14. g4 b5 15. b3 Rc8 {is the legacy move (15...b4).} 16. Ndxb5 Qa5 {16...Qa5 is better than 16...a6. B78: Sicilian Dragon: Yugoslav Attack, 9 Bc4 Bd7 10 0-0-0 Rc8.} 17. Nd5 Qxb5 18. Nxe7+ {[%mdl 64] Double Attack, Discovered Attack} Kh8 {...Nxe4! is the strong threat.White is better.} 19. Nxc8 Rxc8 {[#]} 20. Bxa7 $146 (20. Bd4 $16) ({Predecessor:} 20. Qxd6 Bxg4 21. fxg4 Nxe4 22. Qd8+ Rxd8 23. Rxd8+ Bf8 24. Bh6 {1-0 (24) Mekhitarian,K (2570)-Deus Filho,J (2030) Sao Paulo 2016}) 20... Bxg4 $1 $11 21. Qd3 ({White should try} 21. e5 $11 dxe5 22. fxg4) 21... Qc6 $2 {[%mdl 8192]} (21... Qb7 $15 {stays ahead.} 22. Bd4 Be6) 22. fxg4 $18 Ra8 $2 (22... Nxg4 23. Bd4 Kg8) 23. Bd4 Nxe4 24. Bxg7+ Kxg7 25. Kb2 f6 {Black hopes to continue with ...Nf2.} 26. Rhf1 Nc3 27. Ra1 ({Not} 27. Qxc3 Rxa2+ 28. Kxa2 Qxc3 $16) 27... Ne4 28. Rf4 d5 29. a4 Qe6 (29... Qc7 $142) 30. Qd4 Qc6 31. Rd1 Rc8 32. Qd3 Qc7 33. Rff1 (33. Qxd5 Qxc2+ 34. Ka3 Rd8 $16) 33... Qe5+ $2 {[#]} (33... Qxh2 34. g5 (34. Qxd5 Rxc2+ 35. Ka3 Ra2+ 36. Kb4 Qb8+ 37. Qb5 Qf8+ 38. Ka5 Nd2 $11) 34... Nxg5) 34. Qd4 $1 Qxh2 35. Qxd5 $2 (35. Rc1 $18) 35... Rxc2+ $16 36. Ka3 Ra2+ 37. Kb4 Qb8+ 38. Qb5 Qf8+ 39. Ka5 Nd6 $2 {[%mdl 8192]} (39... Nd2 $14) 40. Qd7+ Nf7 41. Rfe1 Qc5+ $2 (41... Qb8 42. g5 Rf2) 42. Qb5 Qc7+ 43. Ka6 $4 {[%mdl 8192] [#]} (43. Qb6 $18 {was the only winning move.} Qc3+ 44. Ka6 Qc8+ 45. Qb7 Qxb7+ 46. Kxb7) 43... Rc2 $1 $19 {[%cal Rc2c6] Hoping for ...Rc6+.} 44. Re6 $2 (44. Qb6 Rc6 {[%mdl 64] Pin} 45. a5) 44... Qc8+ {[%mdl 64] Double Attack} 45. Ka7 {Threatens to win with Re7.} Rc7+ {Av CentiPawn Loss W=-125/B=-67. Weighted=-123/-108} 0-1

[Event "GER-ch Youth U12 2020"]
[Site "Willingen"]
[Date "2020.10.27"]
[Round "1.16"]
[White "Klaska, Philipp Leon"]
[Black "Leubner, Paul Damdin"]
[Result "1-0"]
[WhiteElo "1716"]
[BlackElo "1409"]
[Annotator "NA RC"]
[PlyCount "71"]
[EventDate "2020.10.27"]
[EventType "swiss"]
[EventRounds "7"]
[EventCountry "GER"]
[SourceTitle "playchess.com"]
[Source "ChessBase"]
[SourceQuality "1"]
[TimeControl "40/5400+30:1800+30"]

1. e4 {[%emt 0:00:00]} c5 {[%emt 0:00:00]} 2. Nf3 {[%emt 0:00:00]} d6 {[%emt 0:00:00]} 3. d4 {[%emt 0:00:00]} cxd4 {[%emt 0:00:00]} 4. Nxd4 {[%emt 0:00:00]} Nf6 {[%emt 0:00:08]} 5. Nc3 {[%emt 0:00:33]} a6 6. Be3 {[%emt 0:01:02]} e5 {[%emt 0:00:34]} 7. Nb3 {[%emt 0:00:29]} Be6 {[%emt 0:00:46]} 8. Qd2 {[%emt 0:02:49]} Be7 {[%emt 0:02:26]} 9. Rd1 {[%emt 0:01:02]} Ng4 {[%emt 0:02:29]} 10. Be2 {[%emt 0:02:10]} Nxe3 {[%emt 0:01:37]} 11. Qxe3 {[%emt 0:00:56]} Nd7 {[%emt 0:02:31]} 12. O-O {[%emt 0:02:23]} O-O {[%emt 0:03:28]} 13. Nd5 {[%emt 0:10:55]} Rc8 {[%emt 0:07:35]} 14. c4 {[%emt 0:06:35]} f5 {[%emt 0:05:49]} 15. f3 {[%emt 0:14:43]} Qe8 {[%emt 0:11:04]} 16. Na5 {[%emt 0:16:21]} Bxd5 {[%emt 0:08:05]} 17. cxd5 {[%emt 0:07:44]} Bd8 {[%emt 0:02:07]} 18. Qa3 {[%emt 0:02:18]} Bxa5 {[%emt 0:12:02]} 19. Qxa5 {[%emt 0:02:03]} Qg6 {[%emt 0:02:20]} 20. Bd3 {[%emt 0:06:15]} f4 {[%emt 0:02:43]} 21. Rc1 {[%emt 0:02:37]} Rc5 {[%emt 0:11:18]} 22. Qa4 {[%emt 0:02:04]} Qf7 {[%emt 0:03:40]} 23. b4 {[%emt 0:01:46]} Nb6 {[%emt 0:02:39]} 24. Qa3 {[%emt 0:02:08]} Rcc8 {[%emt 0:01:40]} 25. Qa5 {[%emt 0:01:17]} Rxc1 {[%emt 0:02:58]} 26. Rxc1 {[%emt 0:01:41]} Rc8 {[%emt 0:00:24]} 27. Rxc8+ {[%emt 0:01:06]} Nxc8 {[%emt 0:00:32]} 28. Qd8+ {[%emt 0:00:49]} Qf8 {[%emt 0:00:32]} 29. Qd7 {[%emt 0:01:55]} b5 {[%emt 0:02:27]} 30. Qb7 {[%emt 0:02:02]} Qd8 {[%emt 0:00:48]} 31. Qxa6 {[%emt 0:01:42]} Qb6+ {[%emt 0:00:32]} 32. Qxb6 {[%emt 0:00:17]} Nxb6 {[%emt 0:00:09]} 33. Bxb5 {[%emt 0:00:33]} Kf8 {[%emt 0:00:37]} 34. a4 {[%emt 0:00:19]} Ke7 {[%emt 0:01:02]} 35. a5 {[%emt 0:00:30]} Nc8 36. Ba6 {[%emt 0:00:32]} 1-0

[Event "GER-ch Youth U12 2020"]
[Site "Willingen"]
[Date "2020.10.27"]
[Round "1.17"]
[White "Mader, Fabian"]
[Black "Zobel, Christian"]
[Result "0-1"]
[WhiteElo "1588"]
[BlackElo "1521"]
[Annotator "NA"]
[PlyCount "119"]
[EventDate "2020.10.27"]
[EventType "swiss"]
[EventRounds "7"]
[EventCountry "GER"]
[SourceTitle "playchess.com"]
[Source "ChessBase"]
[SourceQuality "1"]
[TimeControl "40/5400+30:1800+30"]

1. e4 {[%emt 0:00:00]} e5 {[%emt 0:00:00]} 2. Bc4 {[%emt 0:00:00]} Nf6 {[%emt 0:00:00]} 3. d3 {[%emt 0:00:00]} Nc6 {[%emt 0:00:38]} 4. Nf3 {[%emt 0:00:00]} Bc5 {[%emt 0:00:36]} 5. c3 {[%emt 0:00:03]} d6 {[%emt 0:00:51]} 6. Bb3 {[%emt 0:00:07]} h6 {[%emt 0:01:18]} 7. Nbd2 {[%emt 0:00:56]} O-O {[%emt 0:01:00]} 8. h3 {[%emt 0:00:20]} Be6 {[%emt 0:00:43]} 9. Bc2 {[%emt 0:00:23]} Nh5 {[%emt 0:04:05]} 10. Nxe5 {[%emt 0:04:30]} Bxf2+ {[%emt 0:00:30]} 11. Kxf2 {[%emt 0:06:31]} Qh4+ {[%emt 0:00:21]} 12. Kg1 {[%emt 0:00:33]} Nxe5 {[%emt 0:03:23]} 13. d4 {[%emt 0:03:44]} Ng6 {[%emt 0:01:42]} 14. Nf3 {[%emt 0:04:45]} Qe7 {[%emt 0:03:12]} 15. Kh2 {[%emt 0:06:48]} Nf6 {[%emt 0:07:27]} 16. Rf1 {[%emt 0:04:18]} Rfe8 {[%emt 0:09:18]} 17. Qd3 {[%emt 0:07:45]} Bd7 {[%emt 0:09:07]} 18. Re1 {[%emt 0:06:21]} Bc6 {[%emt 0:03:20]} 19. d5 {[%emt 0:03:29]} Ne5 {[%emt 0:01:44]} 20. Nxe5 {[%emt 0:06:35]} Qxe5+ {[%emt 0:00:48]} 21. Kg1 {[%emt 0:00:14]} Bxd5 {[%emt 0:04:19]} 22. Bf4 {[%emt 0:17:23]} Qxf4 {[%emt 0:07:35]} 23. exd5 {[%emt 0:01:59]} Qg5 {[%emt 0:05:26]} 24. c4 {[%emt 0:03:27]} Re5 {[%emt 0:03:30]} 25. Qd4 {[%emt 0:06:34]} Rae8 {[%emt 0:02:46]} 26. Qf2 {[%emt 0:05:22]} Nh5 {[%emt 0:03:53]} 27. Rxe5 {[%emt 0:02:50]} Qxe5 {[%emt 0:03:59]} 28. Rf1 {[%emt 0:01:01]} Nf6 {[%emt 0:03:55]} 29. Qxa7 {[%emt 0:03:15]} Qxb2 {[%emt 0:01:17]} 30. Bb3 {[%emt 0:01:25]} Re2 {[%emt 0:05:31]} 31. Rf2 {[%emt 0:01:45]} Rxf2 {[%emt 0:01:39]} 32. Qxf2 {[%emt 0:00:09]} Qxf2+ {[%emt 0:00:06]} 33. Kxf2 {[%emt 0:00:05]} g5 {[%emt 0:02:43]} 34. Ke3 {[%emt 0:01:08]} Nh5 {[%emt 0:00:22]} 35. Bd1 {[%emt 0:02:16]} Nf4 {[%emt 0:01:16]} 36. g3 {[%emt 0:01:12]} Ng6 {[%emt 0:00:58]} 37. Bh5 {[%emt 0:00:17]} Kg7 {[%emt 0:00:34]} 38. Bg4 {[%emt 0:00:45]} Ne5 {[%emt 0:00:25]} 39. Be2 {[%emt 0:00:10]} Kg6 {[%emt 0:00:13]} 40. g4 {[%emt 0:00:38]} f5 {[%emt 0:01:27]} 41. Kd4 {[%emt 0:04:20]} fxg4 {[%emt 0:00:50]} 42. hxg4 {[%emt 0:00:17]} h5 {[%emt 0:00:52]} 43. gxh5+ {[%emt 0:01:08]} Kh6 {[%emt 0:00:09]} 44. Ke4 {[%emt 0:01:16]} g4 {[%emt 0:00:10]} 45. Kf4 {[%emt 0:01:08]} Kxh5 {[%emt 0:00:06]} 46. Kg3 {[%emt 0:00:27]} Kg5 {[%emt 0:00:16]} 47. Bf1 {[%emt 0:00:30]} Kf5 {[%emt 0:00:28]} 48. a4 {[%emt 0:01:34]} Ke4 {[%emt 0:00:22]} 49. Be2 {[%emt 0:00:43]} Kd4 {[%emt 0:00:10]} 50. Bf1 {[%emt 0:00:24]} Nxc4 {[%emt 0:00:04]} 51. Be2 {[%emt 0:01:59]} Ne3 {[%emt 0:00:26]} 52. Kf4 {[%emt 0:00:56]} Nxd5+ {[%emt 0:00:15]} 53. Kxg4 {[%emt 0:00:06]} Nc3 {[%emt 0:00:14]} 54. Bf3 {[%emt 0:00:11]} Nxa4 {[%emt 0:00:22]} 55. Bxb7 {[%emt 0:00:07]} c5 {[%emt 0:00:04]} 56. Kf3 {[%emt 0:00:29]} Kd3 {[%emt 0:00:07]} 57. Be4+ {[%emt 0:00:14]} Kd2 {[%emt 0:00:10]} 58. Bd5 {[%emt 0:00:15]} Nb6 {[%emt 0:00:09]} 59. Ke4 {[%emt 0:01:35]} Nxd5 {[%emt 0:00:20]} 60. Kxd5 {[%emt 0:00:08]} 0-1